Poesía completa (1902-1924) /
Tallennettuna:
| Päätekijä: | |
|---|---|
| Muut tekijät: | |
| Aineistotyyppi: | Elektroninen E-kirja |
| Kieli: | espanja |
| Julkaistu: |
Madrid :
Visor Libros,
[2019]
|
| Sarja: | Colección Visor de poesía ;
v. 1058. |
| Aiheet: | |
| Linkit: | Digitalia Hispánica |
| Tagit: |
Lisää tagi
Ei tageja, Lisää ensimmäinen tagi!
|
MARC
| LEADER | 00000nam a2200000Ii 4500 | ||
|---|---|---|---|
| 001 | DIGVISR0742 | ||
| 003 | NyNyDIG | ||
| 006 | m o d | ||
| 007 | cr ||||||||||| | ||
| 008 | 210720s2019 sp a ob 000 p spa d | ||
| 035 | |a (OCoLC)1282641211 | ||
| 040 | |a DGITA |b eng |e rda |e pn |c DGITA | ||
| 020 | |z 9788498953589 | ||
| 050 | 1 | 4 | |a PQ8519.A5 ebook |
| 082 | 0 | 4 | |a 861.5 |
| 100 | 1 | |a Agustini, Delmira, |d 1886-1914, |e author. | |
| 240 | 1 | 0 | |a Poems |
| 245 | 1 | 0 | |a Poesía completa (1902-1924) / |c Delmira Agustini ; edición de Mirta Fernández dos Santos. |
| 264 | 1 | |a Madrid : |b Visor Libros, |c [2019] | |
| 300 | |a 1 online resource : |b illustrations. | ||
| 336 | |a text |2 rdacontent | ||
| 337 | |a computer |b c |2 rdamedia | ||
| 338 | |a online resource |b cr |2 rdacarrier | ||
| 347 | |a text file |2 rdaft | ||
| 347 | |b PDF | ||
| 490 | 1 | |a Volumen MLVIII de la Colección Visor de poesía | |
| 504 | |a Includes bibliographical references. | ||
| 588 | 0 | |a Online resource; title from PDF title page (Digitalia, viewed July 20, 2021) | |
| 655 | 7 | |a Poetry. |2 lcgft | |
| 655 | 0 | |a Electronic books. | |
| 700 | 1 | |a Fernández dos Santos, Mirta, |e editor. | |
| 791 | 2 | |a Digitalia (Firm), |e distributor. | |
| 793 | 0 | |g Digitalia eBook Collection: |a Visor Libros. | |
| 776 | 0 | 8 | |i Print version: |a Agustini, Delmira, 1886-1914. |t Poesía completa (1902-1924). |d Madrid : Visor Libros, [2019] |z 9788498953589 |
| 830 | 0 | |a Colección Visor de poesía ; |v v. 1058. | |
| 856 | 4 | 0 | |3 Digitalia Hispánica |u https://digitalia.unach.elogim.com/a/77293/ |
| 910 | |a Premium Collection: 2021 | ||